000 00451nam a2200193Ia 4500
005 20250603144649.0
008 250603s9999 xx 000 0 und d
020 _a9780723432371
050 _aSF 780.2 .M37/
100 _aMarkey, Bryan... [et al.]
245 0 _aClinical veterinary microbiology.
250 _a2nd ed.
260 _aNew York
260 _bElsevier
260 _c2013
300 _a901 p
650 _aNew York
942 _cBK
999 _c39586
_d39586